=LDR 00000nam 2200000 4500 =001 INLIS000000000004738 =005 20200907111134 =035 ##$$a 0010-061300000004738 =008 200907################g##########0#ind## =041 ##$$a Ind =082 ##$$a 2x5.1 =090 ##$$a 2x7.34, Ahn b =100 1#$$a Ahnan, Maftuh =245 1#$$a Bimbingan berbakti kepada ibu bapak /$c Maftuh Ahnan, Ummu Khoiroh. =260 ##$$a Surabaya :$b Terbit Terang,$c Sa =300 ##$$a 96 hlm. ; $c 18 x 13 cm. =650 #4$$a Etika Islam - Bimbingan =850 ##$$a NBPNMAT =084 ##$$a 2x5.1 AHN b =990 ##$$a 163.727 - 163.731/Pro.2001 =990 ##$$a DW00014895 =990 ##$$a DW00014896 =990 ##$$a DW00014897 =990 ##$$a 163.731/Pro-2001 =990 ##$$a 20615449 =990 ##$$a 20615451 =990 ##$$a 20615448 =990 ##$$a 20615449 =990 ##$$a 163.727 - 163.731/Pro.2001 =990 ##$$a DW00014895 =990 ##$$a DW00014896 =990 ##$$a DW00014897 =990 ##$$a 163.731/Pro-2001 =990 ##$$a 20615451 =990 ##$$a 20615448